A sivatag polgárai
Elmentve itt :
| Szerző: | |
|---|---|
| Testületi szerző: | |
| Dokumentumtípus: | Könyv része |
| Megjelent: |
2018
|
| Sorozat: | Lábjegyzetek Platónhoz
16 Az idegen 16 |
| Kulcsszavak: | Filmművészet, Filozófia |
| Tárgyszavak: | |
| Online Access: | http://acta.bibl.u-szeged.hu/65145 |
| LEADER | 00814naa a2200241 i 4500 | ||
|---|---|---|---|
| 001 | acta65145 | ||
| 005 | 20220107123148.0 | ||
| 008 | 200312s2018 hu o 0|| hun d | ||
| 020 | |a 978-615-5727-01-6 | ||
| 022 | |a 1785-7082 | ||
| 040 | |a SZTE Egyetemi Kiadványok Repozitórium |b hun | ||
| 041 | |a hun | ||
| 100 | 1 | |a Pólik József | |
| 245 | 1 | 2 | |a A sivatag polgárai |h [elektronikus dokumentum] / |c Pólik József |
| 260 | |c 2018 | ||
| 300 | |a 410-424 | ||
| 490 | 0 | |a Lábjegyzetek Platónhoz |v 16 | |
| 490 | 0 | |a Az idegen |v 16 | |
| 650 | 4 | |a Bölcsészettudományok | |
| 650 | 4 | |a Filozófia, etika és vallástudományok | |
| 695 | |a Filmművészet, Filozófia | ||
| 710 | |a Lábjegyzetek Platónhoz : Az idegen (2017) (Szeged) | ||
| 856 | 4 | 0 | |u http://acta.bibl.u-szeged.hu/65145/1/platonhoz_016_410-424.pdf |z Dokumentum-elérés |